00281nam a2200133Ia 45000030006000000080041000060400015000471000011000622450020000732600019000933000006001125460012001180050017001300STCL150530s9999 xx 000 0 und d aSTCLcSTCL aBaliac aEugenic Grandet bJ.M.Dentc1930 a0 aEnglish20220125171049.0